| 000 | 00618nam a22002177a 4500 | ||
|---|---|---|---|
| 999 |
_c7763 _d7763 |
||
| 001 | 7763 | ||
| 003 | BD-JhCC | ||
| 005 | 20180213174039.0 | ||
| 008 | 180213s1961 cn |||| |||| 000 0 eng d | ||
| 035 | _a(BD-JhCC) | ||
| 040 |
_aBD-JhCC _dBD-JhCC |
||
| 041 | _aeng | ||
| 082 |
_a973.93 _bWRI 1961 |
||
| 100 | _aWright, Harrison M. | ||
| 245 |
_aThe "New Imperialism" Analysis of Late Nineteenth-Century Expansion / _cClinton F. Schonberger |
||
| 260 |
_aCanada: _bD. C. Heath and Company; _c1961 |
||
| 300 |
_a110 p;, _c24 cm |
||
| 650 | _aDiplomatic relations | ||
| 650 | _aPolitics and government | ||
| 942 |
_2ddc _cBK |
||